00886cam a2200265 i 45000010009000000050017000090080041000260100017000670200024000840200024001080400028001320410008001600420008001680430012001760800017001880820021002051000007002261010008002332450120002415040069003619060045004309420012004759990017004879520116005041758161120180206043012.0130107s2013 nyu b 001 0 eng  a 2012044768 a9780415810517 (pbk) z9780203070918 (ebk) aDLCbengcDLCerdadDLC aeng apcc an-us--- a320.473 JON00a320.473 JON2231 a22 aPOL10aAnalyzing American democracy :cJon R. Bond, Texas A&M University, Kevin B. Smith, University of Nebraska--Lincoln. aIncludes bibliographical references (pages 680-697) and indexes. a7bcbccorignewd1eecipf20gy-gencatlg 2ddccBK c41898d41898 00102udc40708PËKGa002b002cPËKGd2018-02-06l0o320.473 JONp002-2999258r2018-02-06w2018-02-06yBK